00719nam a2200205Ia 450000100060000000800390000602000220004504100080006708200110007510000310008624501080011726000170022530000180024265300190026065300320027965300210031194200120033295201520034499900170049662271170729n ii |||gr||||Z||||||465 a978-81-97879-46-6 a465 a301.15 aJ Laski, Harold ,eAuthor. 0aThe Rise of European Liberalism :bAn Essay in Interpretation /cBy Harold J Laski .hTextual Documents aDelhibAakar a234pg:c23cm. aSocial Science aRise of European Liberalism aG-Social Science 2ddccBK 001040708General aSKBLbSKBLcG-Social Scienced2017-07-29f00000g250.00l0o301.15 La 335 Rip655/libr2024-01-14 00:00:00t1w2017-07-29yBK c63378d63378